Základné tendencie medzinárodného pohybu kapitálu

Teoretické východiská medzinárodného pohybu.kapitálu. Podstata a motívy medzinárodného pohybu kapitálu. Formy medzinárodného kapitálu.

Na minha lista:
Detalhes bibliográficos
Autor principal: Vidová, Jarmila, 1967-
Formato: Capítulo de Livro
Idioma:eslovaco
Assuntos:
Tags: Adicionar Tag
Sem tags, seja o primeiro a adicionar uma tag!

MARC

LEADER 00000naa$a2200000$$$4500
001 0031520
005 20240502071437.7
041 0 |a slo 
044 |a SK 
245 1 0 |a Základné tendencie medzinárodného pohybu kapitálu  |c Jarmila Vidová 
520 |a Teoretické východiská medzinárodného pohybu.kapitálu. Podstata a motívy medzinárodného pohybu kapitálu. Formy medzinárodného kapitálu. 
610 2 0 |a pohyb kapitálu 
610 2 0 |a výhody komparatívne 
610 2 0 |a vývoz kapitálu 
610 2 0 |a úver 
610 2 0 |a investície 
610 2 0 |a vzťahy hospodárske medzinárodné 
100 1 |a Vidová, Jarmila, 1967-